[Event "Tournoi International du Pays de Charleroi 2018"]
[Site "Roux, Belgium"]
[Date "2018.07.29"]
[Round "2.13"]
[White "Nair, Sanjeev"]
[Black "Decrop, Benjamin"]
[Result "1/2-1/2"]
[WhiteElo "1942"]
[BlackElo "2207"]

1. e4 {[%clk 01:30:41]} {[%emt 00:00:16]} c5 {[%clk 01:30:55]} {[%emt
00:00:06]} 2. Nc3 {[%clk 01:30:57]} {[%emt 00:00:13]} Nc6 {[%clk 01:31:19]}
{[%emt 00:00:07]} 3. Nge2 {[%clk 01:31:12]} {[%emt 00:00:15]} g6 {[%clk
01:28:50]} {[%emt 00:02:59]} 4. d4 {[%clk 01:29:49]} {[%emt 00:01:53]} cxd4
{[%clk 01:29:15]} {[%emt 00:00:05]} 5. Nxd4 {[%clk 01:30:15]} {[%emt 00:00:04]}
Bg7 {[%clk 01:29:39]} {[%emt 00:00:05]} 6. Be3 {[%clk 01:30:25]} {[%emt
00:00:19]} Nf6 {[%clk 01:29:44]} {[%emt 00:00:26]} 7. Bc4 {[%clk 01:30:05]}
{[%emt 00:00:50]} O-O {[%clk 01:29:46]} {[%emt 00:00:28]} 8. Bb3 {[%clk
01:30:31]} {[%emt 00:00:04]} d6 {[%clk 01:29:43]} {[%emt 00:00:34]} 9. f3
{[%clk 01:29:37]} {[%emt 00:01:24]} Bd7 {[%clk 01:29:48]} {[%emt 00:00:25]} 10.
Qd2 {[%clk 01:29:42]} {[%emt 00:00:25]} Rc8 {[%clk 01:28:48]} {[%emt 00:01:30]}
11. h4 {[%clk 01:29:11]} {[%emt 00:01:01]} h5 {[%clk 01:12:32]} {[%emt
00:16:46]} 12. O-O-O {[%clk 01:28:25]} {[%emt 00:01:15]} Ne5 {[%clk 00:59:37]}
{[%emt 00:13:25]} 13. Bg5 {[%clk 01:25:45]} {[%emt 00:03:10]} Nc4 {[%clk
00:56:32]} {[%emt 00:03:35]} 14. Qd3 {[%clk 01:19:08]} {[%emt 00:07:06]} Ne5
{[%clk 00:50:36]} {[%emt 00:06:26]} 15. Qd2 {[%clk 01:08:31]} {[%emt 00:11:07]}
Nc4 {[%clk 00:50:30]} {[%emt 00:00:37]} 16. Qd3 {[%clk 01:08:44]} {[%emt
00:00:17]} Ne5 {[%clk 00:48:58]} {[%emt 00:02:02]} 17. Qd2 {[%clk 00:55:17]}
{[%emt 00:13:55]} 1/2-1/2

[Event "Tournoi International du Pays de Charleroi 2018"]
[Site "Roux, Belgium"]
[Date "2018.07.29"]
[Round "2.15"]
[White "Van Cappellen, Jonas"]
[Black "Timmermans, Daniel"]
[Result "1-0"]
[WhiteElo "2202"]
[BlackElo "1908"]

1. d4 {[%emt 00:00:05]} Nf6 {[%clk 01:26:14]} {[%emt 00:04:41]} 2. c4 {[%clk
01:31:10]} {[%emt 00:00:17]} c5 {[%clk 01:25:48]} {[%emt 00:00:56]} 3. d5
{[%clk 01:31:30]} {[%emt 00:00:10]} b5 {[%clk 01:26:01]} {[%emt 00:00:17]} 4.
cxb5 {[%clk 01:31:41]} {[%emt 00:00:19]} a6 {[%clk 01:26:25]} {[%emt 00:00:07]}
5. bxa6 {[%clk 01:31:50]} {[%emt 00:00:21]} g6 {[%clk 01:26:25]} {[%emt
00:00:30]} 6. Nc3 {[%clk 01:32:10]} {[%emt 00:00:10]} Bxa6 {[%clk 01:26:40]}
{[%emt 00:00:16]} 7. Nf3 {[%clk 01:31:53]} {[%emt 00:00:46]} d6 {[%clk
01:26:31]} {[%emt 00:00:40]} 8. g3 {[%clk 01:31:56]} {[%emt 00:00:25]} Bg7
{[%clk 01:26:51]} {[%emt 00:00:10]} 9. Bg2 {[%clk 01:32:19]} {[%emt 00:00:07]}
Nbd7 {[%clk 01:26:26]} {[%emt 00:00:55]} 10. Rb1 {[%clk 01:32:20]} {[%emt
00:00:28]} Qa5 {[%clk 01:23:46]} {[%emt 00:03:10]} 11. Bd2 {[%clk 01:29:05]}
{[%emt 00:03:44]} O-O {[%clk 01:22:49]} {[%emt 00:01:27]} 12. O-O {[%clk
01:29:26]} {[%emt 00:00:09]} Bb7 {[%clk 01:22:04]} {[%emt 00:01:15]} 13. Qc2
{[%clk 01:28:52]} {[%emt 00:01:02]} Qa6 {[%clk 01:19:56]} {[%emt 00:02:38]} 14.
e4 {[%clk 01:27:51]} {[%emt 00:01:32]} Ng4 {[%clk 01:17:48]} {[%emt 00:02:37]}
15. Rfd1 {[%clk 01:20:06]} {[%emt 00:08:15]} Rfb8 {[%clk 01:06:55]} {[%emt
00:11:23]} 16. b3 {[%clk 01:14:54]} {[%emt 00:05:42]} Nge5 {[%clk 01:03:52]}
{[%emt 00:03:33]} 17. Ne1 {[%clk 01:00:50]} {[%emt 00:14:34]} Qb6 {[%clk
00:50:14]} {[%emt 00:14:09]} 18. h3 {[%clk 00:56:30]} {[%emt 00:04:49]} Nf6
{[%clk 00:36:00]} {[%emt 00:14:46]} 19. a4 {[%clk 00:49:46]} {[%emt 00:07:14]}
Ba6 {[%clk 00:30:31]} {[%emt 00:05:59]} 20. Be3 {[%clk 00:46:34]} {[%emt
00:03:40]} Qc7 {[%clk 00:29:49]} {[%emt 00:01:13]} 21. f4 {[%clk 00:45:02]}
{[%emt 00:02:02]} Ned7 {[%clk 00:30:15]} {[%emt 00:00:05]} 22. Kh2 {[%clk
00:40:30]} {[%emt 00:05:01]} Ne8 {[%clk 00:25:17]} {[%emt 00:05:27]} 23. Nf3
{[%clk 00:33:23]} {[%emt 00:07:38]} f6 {[%clk 00:18:42]} {[%emt 00:07:06]} 24.
Rdc1 {[%clk 00:31:12]} {[%emt 00:02:41]} Rb7 {[%clk 00:15:22]} {[%emt
00:03:51]} 25. Na2 {[%clk 00:25:24]} {[%emt 00:06:17]} Rab8 {[%clk 00:10:17]}
{[%emt 00:05:35]} 26. Bd2 {[%clk 00:18:28]} {[%emt 00:07:26]} Be2 {[%clk
00:07:10]} {[%emt 00:03:37]} 27. Nc3 {[%clk 00:14:31]} {[%emt 00:04:27]} Bxf3
{[%clk 00:04:16]} {[%emt 00:03:24]} 28. Bxf3 {[%clk 00:14:51]} {[%emt
00:00:09]} c4 {[%clk 00:02:33]} {[%emt 00:02:15]} 29. b4 {[%clk 00:13:54]}
{[%emt 00:01:27]} Qb6 {[%clk 00:01:46]} {[%emt 00:01:17]} 30. Kg2 {[%clk
00:09:58]} {[%emt 00:04:24]} Qa6 {[%clk 00:01:32]} {[%emt 00:00:45]} 31. Ne2
{[%clk 00:08:54]} {[%emt 00:01:33]} Rc7 {[%clk 00:00:44]} {[%emt 00:01:18]} 32.
Bc3 {[%clk 00:08:34]} {[%emt 00:00:51]} f5 {[%clk 00:00:46]} {[%emt 00:00:28]}
33. exf5 {[%clk 00:07:49]} {[%emt 00:01:15]} Bxc3 {[%clk 00:00:49]} {[%emt
00:00:27]} 34. Nxc3 {[%clk 00:08:04]} {[%emt 00:00:16]} gxf5 {[%clk 00:00:53]}
{[%emt 00:00:26]} 35. Qxf5 {[%clk 00:07:18]} {[%emt 00:01:16]} Ng7 {[%clk
00:01:19]} {[%emt 00:00:04]} 36. Qc2 {[%clk 00:06:28]} {[%emt 00:01:20]} Nf6
{[%clk 00:01:19]} {[%emt 00:00:30]} 37. g4 {[%clk 00:06:03]} {[%emt 00:00:54]}
Qb6 {[%clk 00:01:29]} {[%emt 00:00:21]} 38. Qf2 {[%clk 00:05:35]} {[%emt
00:00:57]} Qa6 {[%clk 00:01:01]} {[%emt 00:00:58]} 39. Qe2 {[%clk 00:03:39]}
{[%emt 00:02:26]} Qc8 {[%clk 00:00:56]} {[%emt 00:00:36]} 40. Nb5 {[%clk
00:03:28]} {[%emt 00:00:41]} Rxb5 {[%clk 00:00:34]} {[%emt 00:00:52]} 41. axb5
{[%clk 00:03:50]} {[%emt 00:00:07]} c3 {[%clk 00:19:09]} {[%emt 00:11:55]} 42.
b6 {[%clk 00:33:16]} {[%emt 00:01:04]} Rb7 {[%clk 00:18:54]} {[%emt 00:00:46]}
43. Rb3 {[%clk 00:33:05]} {[%emt 00:00:40]} Rxb6 {[%clk 00:17:38]} {[%emt
00:01:47]} 44. Rbxc3 {[%clk 00:31:49]} {[%emt 00:01:46]} Qf8 {[%clk 00:17:17]}
{[%emt 00:00:52]} 45. b5 {[%clk 00:28:40]} {[%emt 00:03:38]} Rb7 {[%clk
00:14:22]} {[%emt 00:03:25]} 46. Rc7 {[%clk 00:28:11]} {[%emt 00:00:59]} Rxc7
{[%clk 00:13:36]} {[%emt 00:01:16]} 47. Rxc7 {[%clk 00:28:26]} {[%emt
00:00:14]} Nfe8 {[%clk 00:13:34]} {[%emt 00:00:32]} 48. Rxe7 {[%clk 00:28:33]}
{[%emt 00:00:22]} Qxf4 {[%clk 00:13:38]} {[%emt 00:00:28]} 49. Rxe8+ {[%clk
00:28:54]} {[%emt 00:00:09]} Nxe8 {[%clk 00:13:57]} {[%emt 00:00:10]} 50. Qxe8+
{[%clk 00:29:15]} {[%emt 00:00:08]} Kg7 {[%clk 00:14:18]} {[%emt 00:00:10]} 51.
Qe7+ {[%clk 00:29:36]} {[%emt 00:00:09]} Kg8 {[%clk 00:14:18]} {[%emt
00:00:31]} 52. Qe2 {[%clk 00:27:38]} {[%emt 00:02:27]} Qb4 {[%clk 00:14:30]}
{[%emt 00:00:19]} 53. g5 {[%clk 00:27:02]} {[%emt 00:01:05]} Qc5 {[%clk
00:12:23]} {[%emt 00:02:38]} 54. Qe6+ {[%clk 00:26:55]} {[%emt 00:00:36]} Kg7
{[%clk 00:12:36]} {[%emt 00:00:17]} 55. Be4 Kf7 {[%clk 00:12:36]} 1-0

[Event "Tournoi International du Pays de Charleroi 2018"]
[Site "Roux, Belgium"]
[Date "2018.07.29"]
[Round "2.28"]
[White "Roos, David"]
[Black "Van Der Meiden, Dirk"]
[Result "1-0"]
[WhiteElo "2142"]
[BlackElo "2018"]

1. e4 {[%clk 01:30:58]} {[%emt 00:00:01]} c6 {[%clk 01:30:53]} {[%emt
00:00:07]} 2. d4 {[%clk 01:31:22]} {[%emt 00:00:06]} d5 {[%clk 01:31:19]}
{[%emt 00:00:03]} 3. Nc3 {[%clk 01:31:48]} {[%emt 00:00:05]} dxe4 {[%clk
01:31:30]} {[%emt 00:00:18]} 4. Nxe4 {[%clk 01:32:16]} {[%emt 00:00:01]} Nd7
{[%clk 01:31:49]} {[%emt 00:00:12]} 5. Ng5 {[%clk 01:30:48]} {[%emt 00:01:59]}
Ngf6 {[%clk 01:31:46]} {[%emt 00:00:32]} 6. Bd3 {[%clk 01:31:01]} {[%emt
00:00:18]} e6 {[%clk 01:31:30]} {[%emt 00:00:45]} 7. N1f3 {[%clk 01:29:54]}
{[%emt 00:01:36]} Bd6 {[%clk 01:31:31]} {[%emt 00:00:30]} 8. O-O {[%clk
01:28:58]} {[%emt 00:01:27]} h6 {[%clk 01:30:41]} {[%emt 00:01:20]} 9. Ne4
{[%clk 01:28:01]} {[%emt 00:01:27]} Nxe4 {[%clk 01:31:02]} {[%emt 00:00:09]} 10.
Bxe4 {[%clk 01:28:29]} {[%emt 00:00:01]} Qc7 {[%clk 01:30:24]} {[%emt
00:01:08]} 11. Re1 {[%clk 01:26:54]} {[%emt 00:02:05]} Nf6 {[%clk 01:26:17]}
{[%emt 00:04:38]} 12. Bd3 {[%clk 01:27:13]} {[%emt 00:00:11]} b6 {[%clk
01:25:56]} {[%emt 00:00:51]} 13. Qe2 {[%clk 01:20:11]} {[%emt 00:07:32]} Bb7
{[%clk 01:25:04]} {[%emt 00:01:21]} 14. Ne5 {[%clk 01:19:54]} {[%emt 00:00:47]}
Bxe5 {[%clk 01:20:27]} {[%emt 00:05:07]} 15. dxe5 {[%clk 01:19:46]} {[%emt
00:00:38]} Nd7 {[%clk 01:20:38]} {[%emt 00:00:19]} 16. Qg4 {[%clk 01:13:28]}
{[%emt 00:06:49]} g5 {[%clk 01:14:01]} {[%emt 00:07:06]} 17. Qh5 {[%clk
01:10:24]} {[%emt 00:03:33]} Ke7 {[%clk 01:07:08]} {[%emt 00:07:23]} 18. f4
{[%clk 01:05:30]} {[%emt 00:05:24]} Rag8 {[%clk 01:07:26]} {[%emt 00:00:13]} 19.
f5 {[%clk 01:03:52]} {[%emt 00:02:08]} c5 {[%clk 00:43:55]} {[%emt 00:24:01]}
20. b3 {[%clk 01:00:05]} {[%emt 00:04:17]} Bc6 {[%clk 00:38:22]} {[%emt
00:06:02]} 21. Bb2 {[%clk 00:54:50]} {[%emt 00:05:45]} Qb7 {[%clk 00:35:44]}
{[%emt 00:03:09]} 22. Re2 {[%clk 00:54:16]} {[%emt 00:01:05]} Nb8 {[%clk
00:21:22]} {[%emt 00:14:51]} 23. Rf1 {[%clk 00:53:57]} {[%emt 00:00:48]} Be8
{[%clk 00:21:12]} {[%emt 00:00:41]} 24. Be4 {[%clk 00:52:10]} {[%emt 00:02:17]}
Nc6 {[%clk 00:20:14]} {[%emt 00:01:28]} 25. Qf3 {[%clk 00:52:25]} {[%emt
00:00:14]} Qd7 {[%clk 00:16:03]} {[%emt 00:04:42]} 26. fxe6 {[%clk 00:50:44]}
{[%emt 00:02:10]} Qxe6 {[%clk 00:15:30]} {[%emt 00:01:03]} 27. Bf5 {[%clk
00:51:12]} {[%emt 00:00:02]} 1-0

[Event "Tournoi International du Pays de Charleroi 2018"]
[Site "Roux, Belgium"]
[Date "2018.07.29"]
[Round "2.5"]
[White "De Villers, Mourad"]
[Black "Inkiov, Ventzislav"]
[Result "0-1"]
[BlackTitle "GM"]
[WhiteElo "2117"]
[BlackElo "2432"]

1. c4 {[%clk 01:30:56]} {[%emt 00:00:03]} Nf6 {[%clk 01:30:43]} {[%emt
00:00:17]} 2. g3 {[%clk 01:31:02]} {[%emt 00:00:24]} e6 {[%clk 01:31:06]}
{[%emt 00:00:06]} 3. Bg2 {[%clk 01:31:16]} {[%emt 00:00:16]} d5 {[%clk
01:31:30]} {[%emt 00:00:07]} 4. Nf3 {[%clk 01:31:30]} {[%emt 00:00:16]} c5
{[%clk 01:31:28]} {[%emt 00:00:32]} 5. O-O {[%clk 01:31:16]} {[%emt 00:00:43]}
Nc6 {[%clk 01:30:44]} {[%emt 00:01:14]} 6. d4 {[%clk 01:30:16]} {[%emt
00:01:31]} dxc4 {[%clk 01:29:49]} {[%emt 00:01:25]} 7. Qa4 {[%clk 01:26:41]}
{[%emt 00:04:06]} Bd7 {[%clk 01:30:11]} {[%emt 00:00:07]} 8. Qxc4 {[%clk
01:18:32]} {[%emt 00:08:39]} b5 {[%clk 01:30:25]} {[%emt 00:00:16]} 9. Qc2
{[%clk 01:16:29]} {[%emt 00:02:33]} cxd4 {[%clk 01:27:48]} {[%emt 00:03:07]} 10.
Qd3 {[%clk 00:43:36]} {[%emt 00:33:23]} Qb6 {[%clk 01:09:00]} {[%emt 00:19:18]}
11. a4 {[%clk 00:36:22]} {[%emt 00:07:44]} Bc5 {[%clk 00:59:13]} {[%emt
00:10:16]} 12. Qxb5 {[%clk 00:34:01]} {[%emt 00:02:52]} O-O {[%clk 00:59:19]}
{[%emt 00:00:24]} 13. Na3 {[%clk 00:33:38]} {[%emt 00:00:53]} Rac8 {[%clk
00:49:22]} {[%emt 00:10:27]} 14. Bf4 {[%clk 00:31:57]} {[%emt 00:02:11]} Na5
{[%clk 00:44:01]} {[%emt 00:05:51]} 15. Qxb6 {[%clk 00:31:36]} {[%emt
00:00:51]} axb6 {[%clk 00:44:20]} {[%emt 00:00:11]} 16. Nb5 {[%clk 00:31:26]}
{[%emt 00:00:40]} Bxb5 {[%clk 00:40:00]} {[%emt 00:04:50]} 17. axb5 {[%clk
00:31:50]} {[%emt 00:00:06]} Rfd8 {[%clk 00:40:20]} {[%emt 00:00:10]} 18. Rad1
{[%clk 00:30:28]} {[%emt 00:01:52]} Nc4 {[%clk 00:39:07]} {[%emt 00:01:43]} 19.
b3 {[%clk 00:24:11]} {[%emt 00:06:48]} Na3 {[%clk 00:38:01]} {[%emt 00:01:35]}
20. b4 {[%clk 00:22:00]} {[%emt 00:02:40]} Bxb4 {[%clk 00:38:25]} {[%emt
00:00:06]} 21. Nxd4 {[%clk 00:19:20]} {[%emt 00:03:10]} Bf8 {[%clk 00:23:10]}
{[%emt 00:15:45]} 22. Bb7 {[%clk 00:09:56]} {[%emt 00:09:53]} Rc5 {[%clk
00:15:08]} {[%emt 00:08:32]} 23. Nc6 {[%clk 00:09:05]} {[%emt 00:01:22]} Rxd1
{[%clk 00:15:22]} {[%emt 00:00:16]} 24. Rxd1 {[%clk 00:09:27]} {[%emt
00:00:07]} Nd5 {[%clk 00:15:50]} {[%emt 00:00:03]} 25. Na7 {[%clk 00:03:33]}
{[%emt 00:06:24]} Nxf4 {[%clk 00:14:01]} {[%emt 00:02:19]} 26. gxf4 {[%clk
00:03:53]} {[%emt 00:00:09]} Nxb5 {[%clk 00:13:46]} {[%emt 00:00:46]} 27. Nxb5
{[%emt 00:00:39]} Rxb5 {[%clk 00:14:12]} 28. e3 {[%clk 00:03:28]} {[%emt
00:00:49]} Rc5 {[%clk 00:14:15]} {[%emt 00:00:26]} 29. Rd8 {[%clk 00:01:51]}
{[%emt 00:02:07]} b5 {[%clk 00:13:46]} {[%emt 00:00:59]} 30. Be4 {[%clk
00:01:55]} {[%emt 00:00:26]} f5 {[%clk 00:12:59]} {[%emt 00:01:18]} 31. Bd3
{[%clk 00:01:48]} {[%emt 00:00:37]} b4 {[%clk 00:13:12]} {[%emt 00:00:17]} 32.
Rb8 {[%clk 00:01:59]} {[%emt 00:00:19]} Rc3 {[%clk 00:13:22]} {[%emt 00:00:19]}
33. Bb5 {[%clk 00:02:16]} {[%emt 00:00:13]} Kf7 {[%clk 00:13:11]} {[%emt
00:00:41]} 34. Ba4 {[%clk 00:02:24]} {[%emt 00:00:22]} Be7 {[%clk 00:12:18]}
{[%emt 00:01:22]} 35. Kg2 {[%clk 00:02:40]} {[%emt 00:00:14]} h6 {[%clk
00:12:41]} {[%emt 00:00:08]} 36. Kf3 {[%clk 00:02:53]} {[%emt 00:00:17]} g5
{[%clk 00:13:04]} {[%emt 00:00:07]} 37. Be8+ {[%clk 00:02:55]} {[%emt
00:00:29]} Kf6 {[%clk 00:13:19]} {[%emt 00:00:15]} 38. fxg5+ {[%clk 00:03:11]}
{[%emt 00:00:14]} hxg5 {[%clk 00:13:37]} {[%emt 00:00:11]} 39. h3 {[%clk
00:03:30]} {[%emt 00:00:11]} f4 {[%clk 00:12:59]} {[%emt 00:01:08]} 40. h4
{[%clk 00:03:01]} {[%emt 00:00:59]} gxh4 {[%emt 00:00:21]} 0-1

[Event "Tournoi International du Pays de Charleroi 2018"]
[Site "Roux, Belgium"]
[Date "2018.07.29"]
[Round "2.1"]
[White "Gurevich, Mikhail"]
[Black "Vanderwaeren, Serge"]
[Result "1-0"]
[WhiteTitle "GM"]
[BlackTitle "FM"]
[WhiteElo "2569"]
[BlackElo "2145"]

1. d4 {[%clk 01:30:53]} {[%emt 00:00:06]} Nf6 {[%clk 01:30:36]} {[%emt
00:00:23]} 2. c4 {[%clk 01:31:18]} {[%emt 00:00:06]} e6 {[%clk 01:30:54]}
{[%emt 00:00:11]} 3. Nc3 {[%clk 01:31:41]} {[%emt 00:00:07]} Bb4 {[%clk
01:31:12]} {[%emt 00:00:12]} 4. Qc2 {[%clk 01:31:03]} {[%emt 00:01:08]} c5
{[%clk 01:31:25]} {[%emt 00:00:17]} 5. dxc5 {[%clk 01:31:19]} {[%emt 00:00:14]}
Bxc5 {[%clk 01:31:45]} {[%emt 00:00:10]} 6. Nf3 {[%clk 01:31:37]} {[%emt
00:00:12]} Qb6 {[%clk 01:31:51]} {[%emt 00:00:24]} 7. e3 {[%clk 01:31:36]}
{[%emt 00:00:31]} Qc7 {[%clk 01:31:14]} {[%emt 00:01:06]} 8. Bd2 {[%clk
01:24:55]} {[%emt 00:07:12]} a6 {[%clk 01:31:12]} {[%emt 00:00:32]} 9. g4
{[%clk 01:23:58]} {[%emt 00:01:27]} h6 {[%clk 01:30:36]} {[%emt 00:01:06]} 10.
Rg1 {[%clk 01:24:14]} {[%emt 00:00:13]} Nc6 {[%clk 01:29:04]} {[%emt 00:02:02]}
11. h4 {[%clk 01:21:42]} {[%emt 00:03:03]} d6 {[%clk 01:24:04]} {[%emt
00:05:30]} 12. g5 {[%clk 01:18:38]} {[%emt 00:03:33]} hxg5 {[%clk 01:24:18]}
{[%emt 00:00:16]} 13. hxg5 {[%clk 01:18:49]} {[%emt 00:00:19]} Nd7 {[%clk
01:24:28]} {[%emt 00:00:19]} 14. Ne4 {[%clk 01:19:07]} {[%emt 00:00:14]} Nde5
{[%clk 01:21:32]} {[%emt 00:03:25]} 15. Nxe5 {[%clk 01:16:09]} {[%emt
00:03:30]} Nxe5 {[%clk 01:21:51]} {[%emt 00:00:11]} 16. Be2 {[%clk 01:16:24]}
{[%emt 00:00:14]} Rh3 {[%clk 01:18:59]} {[%emt 00:03:21]} 17. O-O-O {[%clk
01:16:00]} {[%emt 00:00:56]} Bd7 {[%clk 01:19:06]} {[%emt 00:00:23]} 18. b4
{[%clk 01:14:20]} {[%emt 00:02:10]} Ba7 {[%clk 01:19:15]} {[%emt 00:00:20]} 19.
Bc3 {[%clk 01:14:36]} {[%emt 00:00:15]} Bb8 {[%clk 01:17:14]} {[%emt 00:02:31]}
20. Nxd6+ {[%clk 01:12:13]} {[%emt 00:02:54]} Qxd6 {[%clk 01:17:31]} {[%emt
00:00:13]} 21. Rxd6 {[%clk 01:12:34]} {[%emt 00:00:10]} Bxd6 {[%clk 01:17:51]}
{[%emt 00:00:09]} 22. c5 {[%clk 01:11:22]} {[%emt 00:01:42]} Bc7 {[%clk
01:18:09]} {[%emt 00:00:11]} 23. Bxe5 {[%clk 01:11:27]} {[%emt 00:00:26]} Bxe5
{[%clk 01:18:30]} {[%emt 00:00:08]} 24. Qe4 {[%clk 01:11:54]} {[%emt 00:00:04]}
Bh2 {[%clk 01:18:25]} {[%emt 00:00:33]} 25. Qg2 {[%clk 01:10:14]} {[%emt
00:02:11]} Rh4 {[%clk 01:16:25]} {[%emt 00:02:29]} 26. Rh1 {[%clk 01:10:26]}
{[%emt 00:00:20]} Bc6 {[%clk 01:16:23]} {[%emt 00:00:31]} 27. f3 {[%clk
01:09:38]} {[%emt 00:01:17]} 1-0

[Event "Tournoi International du Pays de Charleroi 2018"]
[Site "Roux, Belgium"]
[Date "2018.07.29"]
[Round "2.25"]
[White "Wiley, Tom"]
[Black "Van Uytven, Eric"]
[Result "1/2-1/2"]
[WhiteElo "2207"]
[BlackElo "2046"]

1. d4 {[%clk 01:30:58]} {[%emt 00:00:01]} Nf6 {[%clk 01:30:14]} {[%emt
00:00:44]} 2. c4 {[%clk 01:31:24]} {[%emt 00:00:05]} e6 {[%clk 01:30:26]}
{[%emt 00:00:18]} 3. Nc3 {[%clk 01:31:50]} {[%emt 00:00:05]} Bb4 {[%clk
01:30:15]} {[%emt 00:00:41]} 4. e3 {[%clk 01:32:06]} {[%emt 00:00:14]} O-O
{[%clk 01:30:18]} {[%emt 00:00:26]} 5. Nge2 {[%clk 01:32:30]} {[%emt 00:00:08]}
Re8 {[%clk 01:29:52]} {[%emt 00:00:55]} 6. a3 {[%clk 01:32:32]} {[%emt
00:00:28]} Bf8 {[%clk 01:30:06]} {[%emt 00:00:14]} 7. Ng3 {[%clk 01:31:36]}
{[%emt 00:01:28]} d5 {[%clk 01:28:43]} {[%emt 00:01:52]} 8. Be2 {[%clk
01:29:51]} {[%emt 00:02:16]} dxc4 {[%clk 01:26:12]} {[%emt 00:03:00]} 9. O-O
{[%clk 01:29:23]} {[%emt 00:00:59]} c5 {[%clk 01:24:47]} {[%emt 00:01:55]} 10.
dxc5 {[%clk 01:29:26]} {[%emt 00:00:27]} Bxc5 {[%clk 01:23:32]} {[%emt
00:01:44]} 11. Bxc4 {[%clk 01:29:24]} {[%emt 00:00:34]} Bd7 {[%clk 01:18:49]}
{[%emt 00:05:11]} 12. b4 {[%clk 01:27:41]} {[%emt 00:02:14]} Be7 {[%clk
01:18:07]} {[%emt 00:01:11]} 13. Bb2 {[%clk 01:25:53]} {[%emt 00:02:19]} a6
{[%clk 01:06:26]} {[%emt 00:12:10]} 14. Qb3 {[%clk 01:20:47]} {[%emt 00:05:36]}
Bc6 {[%clk 00:53:42]} {[%emt 00:13:14]} 15. a4 {[%clk 01:14:35]} {[%emt
00:06:44]} Nbd7 {[%clk 00:47:53]} {[%emt 00:06:18]} 16. a5 {[%clk 01:07:45]}
{[%emt 00:07:21]} Bf8 {[%clk 00:42:18]} {[%emt 00:06:03]} 17. Rfd1 {[%clk
01:06:38]} {[%emt 00:01:38]} b5 {[%clk 00:35:51]} {[%emt 00:06:56]} 18. axb6
{[%clk 00:56:14]} {[%emt 00:10:55]} Qxb6 {[%clk 00:35:45]} {[%emt 00:00:35]} 19.
Ba3 {[%clk 00:48:50]} {[%emt 00:07:55]} Rec8 {[%clk 00:21:15]} {[%emt
00:14:59]} 20. Bf1 {[%clk 00:44:52]} {[%emt 00:04:29]} Nc5 {[%clk 00:14:49]}
{[%emt 00:06:53]} 21. Qc2 {[%clk 00:37:59]} {[%emt 00:07:26]} Nce4 {[%clk
00:12:31]} {[%emt 00:02:47]} 22. Ncxe4 {[%clk 00:26:59]} {[%emt 00:11:31]} Bxe4
{[%clk 00:12:35]} {[%emt 00:00:25]} 23. Qb2 {[%clk 00:26:32]} {[%emt 00:00:58]}
Bc6 {[%clk 00:11:46]} {[%emt 00:01:15]} 24. Qe5 {[%clk 00:23:44]} {[%emt
00:03:22]} Qb8 {[%clk 00:06:14]} {[%emt 00:06:01]} 25. Bb2 {[%clk 00:21:32]}
{[%emt 00:02:42]} Qxe5 {[%clk 00:06:28]} {[%emt 00:00:16]} 26. Bxe5 {[%clk
00:21:56]} {[%emt 00:00:06]} Bxb4 {[%clk 00:06:18]} {[%emt 00:00:40]} 27. Bxf6
{[%clk 00:20:05]} {[%emt 00:02:21]} gxf6 {[%clk 00:06:41]} {[%emt 00:00:07]} 28.
Rxa6 {[%clk 00:20:19]} {[%emt 00:00:18]} Rxa6 {[%clk 00:06:09]} {[%emt
00:01:01]} 29. Bxa6 {[%clk 00:20:06]} {[%emt 00:00:42]} 1/2-1/2